000 00832cam a2200253 a 4500
001 1614106
005 20180215091218.0
008 950125s1995 enka b 001 0 eng
010 _a 95005494
020 _a0415125235 :
_c$60.00
020 _a0415125243 :
_c$19.95
040 _aDLC
_cDLC
_dDLC
041 _aeng
043 _aa-ii---
080 _a304.280954 GAD
082 0 0 _a304.280954 GAD
_220
100 1 _a9
101 _aMJE
245 1 0 _aEcology and equity :
_cMadhav Gadgil and Ramachandra Guha.
504 _aIncludes bibliographical references and index.
906 _a7
_bcbu
_corignew
_d1
_eocip
_f19
_gy-gencatlg
942 _2ddc
_cBK
999 _c42698
_d42698